[Event "European Individual Chess Championship 2017"]
[Site "?"]
[Date "2017.05.31"]
[Round "2.76"]
[White "Siniauski, Artsiom"]
[Black "Antipov, Mikhail Al."]
[Result "0-1"]
[BlackElo "2576"]
[WhiteElo "1972"]
[LiveChessVersion "1.4.8"]

1. c4 {[%clk 1:30:48]} e5 {[%clk 1:27:20]} 2. Nc3 {[%clk 1:30:47]} Nf6
{[%clk 1:26:59]} 3. g3 {[%clk 1:30:34]} d5 {[%clk 1:27:08]} 4. cxd5
{[%clk 1:29:21]} Nxd5 {[%clk 1:27:36]} 5. Bg2 {[%clk 1:28:44]} Nb6
{[%clk 1:26:14]} 6. Nf3 {[%clk 1:27:24]} Nc6 {[%clk 1:26:38]} 7. d3
{[%clk 1:26:58]} Be7 {[%clk 1:26:58]} 8. O-O {[%clk 1:26:27]} Bg4
{[%clk 1:26:25]} 9. Be3 {[%clk 1:20:44]} Qd7 {[%clk 1:25:02]} 10. Rc1
{[%clk 1:14:21]} Rd8 {[%clk 1:12:45]} 11. Ne4 {[%clk 1:09:28]} O-O
{[%clk 1:09:33]} 12. Bc5 {[%clk 0:58:50]} Bxf3 {[%clk 0:57:36]} 13. Bxf3
{[%clk 0:57:37]} Nd4 {[%clk 0:57:49]} 14. Bxd4 {[%clk 0:51:26]} exd4
{[%clk 0:58:10]} 15. Qc2 {[%clk 0:41:26]} c6 {[%clk 0:54:36]} 16. Nc5
{[%clk 0:41:23]} Bxc5 {[%clk 0:53:06]} 17. Qxc5 {[%clk 0:41:39]} Rfe8
{[%clk 0:53:07]} 18. Rc2 {[%clk 0:38:38]} Qc7 {[%clk 0:49:58]} 19. Qf5
{[%clk 0:32:24]} Nd7 {[%clk 0:47:41]} 20. Rfc1 {[%clk 0:25:11]} Ne5
{[%clk 0:47:58]} 21. Bg2 {[%clk 0:21:01]} Rd6 {[%clk 0:48:17]} 22. b4
{[%clk 0:16:35]} Nd7 {[%clk 0:17:32]} 23. Qf4 {[%clk 0:15:36]} Re5
{[%clk 0:17:22]} 24. h4 {[%clk 0:10:06]} h6 {[%clk 0:14:43]} 25. a4
{[%clk 0:05:44]} a6 {[%clk 0:15:03]} 26. Bf3 {[%clk 0:03:49]} g5 {[%clk 0:12:40]}
27. hxg5 {[%clk 0:03:47]} hxg5 {[%clk 0:13:08]} 28. Qg4 {[%clk 0:04:07]} Qd8
{[%clk 0:10:18]} 29. Qh3 {[%clk 0:01:03]} Kg7 {[%clk 0:10:06]} 30. Rc4
{[%clk 0:00:43]} f5 {[%clk 0:04:49]} 31. g4 {[%clk 0:00:40]} Rh6 {[%clk 0:05:16]}
32. Qg2 {[%clk 0:00:56]} Nf6 {[%clk 0:05:05]} 33. Rc5 {[%clk 0:00:53]} Nd7
{[%clk 0:04:16]} 34. Rxe5 {[%clk 0:00:54]} Nxe5 {[%clk 0:04:45]} 35. gxf5
{[%clk 0:01:02]} Kf8 {[%clk 0:01:16]} 36. b5 {[%clk 0:00:48]} g4 {[%clk 0:01:40]}
37. Be4 {[%clk 0:00:58]} axb5 {[%clk 0:00:45]} 38. axb5 {[%clk 0:01:23]} Rh3
{[%clk 0:00:47]} 39. bxc6 {[%clk 0:00:51]} bxc6 {[%clk 0:01:11]} 40. Rc5
{[%clk 0:30:47]} Qd6 {[%clk 0:30:48]} 41. Ra5 {[%clk 0:29:42]} Qb8
{[%clk 0:23:53]} 42. Rc5 {[%clk 0:23:34]} Rh7 {[%clk 0:19:25]} 43. Ra5
{[%clk 0:15:07]} Nf3+ {[%clk 0:16:59]} 0-1

[Event "European Individual Chess Championship 2017"]
[Site "?"]
[Date "2017.05.31"]
[Round "2.77"]
[White "Runets, Ivan"]
[Black "Abasov, Nijat"]
[Result "0-1"]
[BlackElo "2575"]
[WhiteElo "1790"]
[LiveChessVersion "1.4.8"]

1. d4 {[%clk 1:30:43]} Nf6 {[%clk 1:28:33]} 2. Nf3 {[%clk 1:30:40]} e6
{[%clk 1:28:51]} 3. Bf4 {[%clk 1:29:31]} c5 {[%clk 1:29:02]} 4. c3
{[%clk 1:29:16]} Nc6 {[%clk 1:29:01]} 5. e3 {[%clk 1:29:32]} d5 {[%clk 1:29:20]}
6. Bd3 {[%clk 1:29:30]} Bd6 {[%clk 1:29:41]} 7. Bg3 {[%clk 1:28:47]} O-O
{[%clk 1:29:46]} 8. Nbd2 {[%clk 1:26:54]} b6 {[%clk 1:28:50]} 9. O-O
{[%clk 1:26:43]} Bb7 {[%clk 1:28:03]} 10. Ne5 {[%clk 1:19:05]} Ne7
{[%clk 1:28:10]} 11. Bh4 {[%clk 1:10:19]} Ng6 {[%clk 1:03:57]} 12. Nxg6
{[%clk 1:08:11]} fxg6 {[%clk 1:04:00]} 13. f4 {[%clk 1:07:51]} Rc8
{[%clk 1:03:41]} 14. Nf3 {[%clk 1:05:55]} cxd4 {[%clk 1:04:04]} 15. cxd4
{[%clk 1:05:21]} Qe7 {[%clk 1:01:18]} 16. Qe2 {[%clk 1:05:08]} Rc7
{[%clk 1:01:40]} 17. Rac1 {[%clk 1:04:47]} Rfc8 {[%clk 1:02:03]} 18. Rxc7
{[%clk 1:04:23]} Rxc7 {[%clk 1:02:30]} 19. Ne5 {[%clk 1:04:16]} Qe8
{[%clk 1:02:43]} 20. Ng4 {[%clk 0:38:10]} Ne4 {[%clk 1:00:41]} 21. Nf2
{[%clk 0:38:05]} Qc8 {[%clk 1:00:59]} 22. Rd1 {[%clk 0:37:05]} Kf7
{[%clk 0:57:22]} 23. Nxe4 {[%clk 0:32:36]} dxe4 {[%clk 0:57:46]} 24. Bb1
{[%clk 0:32:48]} Bd5 {[%clk 0:58:07]} 25. Be1 {[%clk 0:32:35]} Rc4
{[%clk 0:52:19]} 26. Bd2 {[%clk 0:29:18]} a5 {[%clk 0:50:22]} 27. a3
{[%clk 0:28:40]} Qc7 {[%clk 0:39:52]} 28. Qf1 {[%clk 0:27:23]} Rc6
{[%clk 0:30:35]} 29. Rc1 {[%clk 0:26:56]} Bc4 {[%clk 0:30:29]} 30. Qd1
{[%clk 0:25:36]} Bd5 {[%clk 0:28:23]} 31. Rxc6 {[%clk 0:25:52]} Qxc6
{[%clk 0:28:51]} 32. Bc3 {[%clk 0:24:57]} Bxa3 {[%clk 0:28:35]} 33. Qe1
{[%clk 0:23:32]} Be7 {[%clk 0:28:34]} 34. g3 {[%clk 0:22:02]} a4 {[%clk 0:26:28]}
35. Kg2 {[%clk 0:21:24]} h6 {[%clk 0:26:11]} 36. Qd2 {[%clk 0:19:40]} b5
{[%clk 0:26:16]} 37. Qc1 {[%clk 0:16:55]} b4 {[%clk 0:25:26]} 38. Bd2
{[%clk 0:17:19]} Qb5 {[%clk 0:25:24]} 39. Bc2 {[%clk 0:16:39]} a3
{[%clk 0:23:39]} 40. bxa3 {[%clk 0:46:14]} bxa3 {[%clk 0:54:01]} 41. Bc3
{[%clk 0:46:05]} Bb4 {[%clk 0:52:58]} 42. Ba1 {[%clk 0:39:42]} Qe2+
{[%clk 0:53:19]} 43. Kh3 {[%clk 0:38:25]} g5 {[%clk 0:52:01]} 0-1

[Event "European Individual Chess Championship 2017"]
[Site "?"]
[Date "2017.05.31"]
[Round "2.78"]
[White "Bocharov, Dmitry"]
[Black "Artsiomau, Stanislau"]
[Result "1-0"]
[BlackElo "1924"]
[WhiteElo "2574"]
[LiveChessVersion "1.4.8"]

1. Nf3 {[%clk 1:30:37]} Nf6 {[%clk 1:30:18]} 2. c4 {[%clk 1:30:51]} g6
{[%clk 1:30:18]} 3. Nc3 {[%clk 1:30:26]} Bg7 {[%clk 1:30:38]} 4. e4
{[%clk 1:30:23]} d6 {[%clk 1:30:33]} 5. d4 {[%clk 1:30:42]} O-O {[%clk 1:30:48]}
6. Be2 {[%clk 1:31:06]} c5 {[%clk 1:30:50]} 7. O-O {[%clk 1:31:16]} cxd4
{[%clk 1:28:17]} 8. Nxd4 {[%clk 1:31:38]} Nc6 {[%clk 1:28:43]} 9. Nc2
{[%clk 1:31:14]} Be6 {[%clk 1:26:20]} 10. Rb1 {[%clk 1:28:17]} Rc8
{[%clk 1:24:36]} 11. Be3 {[%clk 1:26:04]} a6 {[%clk 1:20:46]} 12. Qd2
{[%clk 1:21:14]} Qc7 {[%clk 1:01:46]} 13. Rfc1 {[%clk 1:17:27]} Qb8
{[%clk 0:59:07]} 14. f3 {[%clk 1:17:22]} Ne5 {[%clk 0:50:42]} 15. b3
{[%clk 1:16:11]} b5 {[%clk 0:50:49]} 16. Nd5 {[%clk 1:15:50]} Qb7
{[%clk 0:45:04]} 17. Nd4 {[%clk 1:15:30]} Nxd5 {[%clk 0:43:00]} 18. cxd5
{[%clk 1:14:44]} Bd7 {[%clk 0:42:13]} 19. h3 {[%clk 1:14:59]} f6 {[%clk 0:41:50]}
20. f4 {[%clk 1:10:34]} Nf7 {[%clk 0:40:07]} 21. Bg4 {[%clk 1:05:44]} Bxg4
{[%clk 0:31:18]} 22. hxg4 {[%clk 1:04:01]} Nd8 {[%clk 0:31:27]} 23. Rxc8
{[%clk 0:59:03]} Qxc8 {[%clk 0:31:45]} 24. f5 {[%clk 0:59:18]} Nf7
{[%clk 0:30:27]} 25. Ne6 {[%clk 0:59:34]} Re8 {[%clk 0:30:52]} 26. Rc1
{[%clk 0:59:25]} Qb8 {[%clk 0:30:56]} 27. Rc7 {[%clk 0:52:25]} Ng5
{[%clk 0:28:20]} 28. Bxg5 {[%clk 0:51:22]} fxg5 {[%clk 0:28:46]} 29. Qxg5
{[%clk 0:47:00]} Bf6 {[%clk 0:29:08]} 30. Qc1 {[%clk 0:47:11]} Qb6+
{[%clk 0:29:18]} 31. Kf1 {[%clk 0:46:37]} Bh4 {[%clk 0:25:28]} 32. Rc2
{[%clk 0:46:08]} Qa5 {[%clk 0:23:46]} 33. Rc8 {[%clk 0:45:13]} 1-0

[Event "European Individual Chess Championship 2017"]
[Site "?"]
[Date "2017.05.31"]
[Round "2.80"]
[White "Navara, David"]
[Black "Kuizhev, Adam"]
[Result "1-0"]
[BlackElo "1807"]
[WhiteElo "2739"]
[LiveChessVersion "1.4.8"]

1. e4 {[%clk 1:30:57]} c6 {[%clk 1:30:55]} 2. d4 {[%clk 1:31:19]} d5
{[%clk 1:31:21]} 3. e5 {[%clk 1:31:40]} Bf5 {[%clk 1:31:45]} 4. h4
{[%clk 1:30:54]} h5 {[%clk 1:31:58]} 5. Bd3 {[%clk 1:31:09]} Bxd3
{[%clk 1:31:41]} 6. Qxd3 {[%clk 1:31:32]} e6 {[%clk 1:31:39]} 7. Bg5
{[%clk 1:31:46]} Qb6 {[%clk 1:30:59]} 8. Nd2 {[%clk 1:32:08]} Be7
{[%clk 1:29:37]} 9. Ngf3 {[%clk 1:32:03]} Nd7 {[%clk 1:22:45]} 10. O-O
{[%clk 1:31:32]} g6 {[%clk 1:18:02]} 11. c4 {[%clk 1:31:46]} Bxg5
{[%clk 1:16:49]} 12. Nxg5 {[%clk 1:31:09]} Ne7 {[%clk 1:15:42]} 13. c5
{[%clk 1:30:08]} Qd8 {[%clk 1:13:45]} 14. b4 {[%clk 1:29:15]} Nf5
{[%clk 1:13:21]} 15. g3 {[%clk 1:29:32]} O-O {[%clk 1:12:41]} 16. Rfe1
{[%clk 1:27:39]} a6 {[%clk 1:10:57]} 17. Nf1 {[%clk 1:27:51]} Re8
{[%clk 1:09:52]} 18. Ne3 {[%clk 1:28:09]} Nf8 {[%clk 1:09:36]} 19. a4
{[%clk 1:27:58]} Nh7 {[%clk 1:07:03]} 20. Nh3 {[%clk 1:27:46]} Nf8
{[%clk 1:00:21]} 21. Nf4 {[%clk 1:27:43]} b6 {[%clk 0:57:26]} 22. Rec1
{[%clk 1:17:34]} Nxe3 {[%clk 0:54:26]} 23. Qxe3 {[%clk 1:17:36]} Qc7
{[%clk 0:53:41]} 24. Nd3 {[%clk 1:14:01]} b5 {[%clk 0:52:11]} 25. Qh6
{[%clk 1:13:15]} Reb8 {[%clk 0:50:28]} 26. Ra3 {[%clk 1:12:24]} Qd8
{[%clk 0:49:28]} 27. Rca1 {[%clk 1:12:18]} a5 {[%clk 0:47:55]} 28. axb5
{[%clk 1:12:02]} Rxb5 {[%clk 0:46:44]} 29. Qd2 {[%clk 1:12:19]} Qb8
{[%clk 0:42:44]} 30. Rxa5 {[%clk 1:08:31]} Raxa5 {[%clk 0:42:03]} 31. bxa5
{[%clk 1:06:58]} Rb1+ {[%clk 0:42:06]} 32. Rxb1 {[%clk 1:07:19]} Qxb1+
{[%clk 0:42:30]} 33. Kg2 {[%clk 1:05:49]} Qa1 {[%clk 0:42:21]} 34. Qb4
{[%clk 1:04:57]} Nh7 {[%clk 0:41:19]} 35. Nf4 {[%clk 1:03:22]} Qd1
{[%clk 0:37:13]} 36. a6 {[%clk 1:03:12]} g5 {[%clk 0:36:58]} 37. a7
{[%clk 1:03:01]} gxf4 {[%clk 0:36:34]} 38. a8=Q+ {[%clk 1:03:24]} Kg7
{[%clk 0:36:56]} 39. Qbb8 {[%clk 1:02:27]} f3+ {[%clk 0:36:43]} 40. Kh2
{[%clk 1:32:53]} Qf1 {[%clk 1:03:23]} 41. Qh8+ {[%clk 1:33:17]} 1-0

[Event "European Individual Chess Championship 2017"]
[Site "?"]
[Date "2017.05.31"]
[Round "2.81"]
[White "Kanmazalp, Ogulcan"]
[Black "Andreikin, Dmitry"]
[Result "0-1"]
[BlackElo "2723"]
[WhiteElo "2447"]
[LiveChessVersion "1.4.8"]

1. Nf3 {[%clk 1:30:54]} b6 {[%clk 1:26:09]} 2. g3 {[%clk 1:26:38]} Bb7
{[%clk 1:26:27]} 3. Bg2 {[%clk 1:26:57]} g6 {[%clk 1:24:54]} 4. O-O
{[%clk 1:26:59]} Bg7 {[%clk 1:25:20]} 5. d4 {[%clk 1:26:13]} Nf6 {[%clk 1:25:41]}
6. c4 {[%clk 1:26:29]} O-O {[%clk 1:26:02]} 7. Nc3 {[%clk 1:26:01]} Ne4
{[%clk 1:26:17]} 8. Nxe4 {[%clk 1:24:57]} Bxe4 {[%clk 1:26:41]} 9. Be3
{[%clk 1:24:57]} d6 {[%clk 1:17:01]} 10. Qd2 {[%clk 1:25:04]} Re8
{[%clk 1:11:24]} 11. Bh6 {[%clk 1:21:57]} Bf6 {[%clk 1:11:11]} 12. Rad1
{[%clk 1:02:33]} Nd7 {[%clk 1:03:51]} 13. h4 {[%clk 0:56:33]} c5 {[%clk 0:56:31]}
14. Qf4 {[%clk 0:47:17]} Bb7 {[%clk 0:49:40]} 15. d5 {[%clk 0:42:00]} b5
{[%clk 0:48:43]} 16. b3 {[%clk 0:40:06]} Qa5 {[%clk 0:48:39]} 17. Rd2
{[%clk 0:33:10]} bxc4 {[%clk 0:47:20]} 18. bxc4 {[%clk 0:33:33]} Ba6
{[%clk 0:47:31]} 19. Bh3 {[%clk 0:28:23]} Nb6 {[%clk 0:34:54]} 20. Rc1
{[%clk 0:28:46]} Qa4 {[%clk 0:34:22]} 21. Rdc2 {[%clk 0:26:08]} Bc8
{[%clk 0:29:14]} 22. Bxc8 {[%clk 0:25:42]} Raxc8 {[%clk 0:29:41]} 23. h5
{[%clk 0:24:44]} Nd7 {[%clk 0:25:34]} 24. hxg6 {[%clk 0:16:19]} hxg6
{[%clk 0:25:56]} 25. Bg5 {[%clk 0:16:46]} Kg7 {[%clk 0:24:06]} 26. Bh6+
{[%clk 0:16:16]} Kg8 {[%clk 0:24:31]} 27. Bg5 {[%clk 0:16:37]} Bg7
{[%clk 0:19:22]} 28. Kg2 {[%clk 0:14:00]} e5 {[%clk 0:18:32]} 29. dxe6
{[%clk 0:11:29]} Rxe6 {[%clk 0:18:57]} 30. Rd2 {[%clk 0:08:56]} Rce8
{[%clk 0:18:01]} 31. Rxd6 {[%clk 0:03:42]} Re4 {[%clk 0:09:55]} 32. Qd2
{[%clk 0:03:55]} Rxe2 {[%clk 0:10:20]} 33. Qd3 {[%clk 0:02:48]} Nb6
{[%clk 0:08:41]} 34. Rd8 {[%clk 0:02:23]} Rxd8 {[%clk 0:07:36]} 35. Qxd8+
{[%clk 0:01:37]} Re8 {[%clk 0:08:00]} 36. Qd6 {[%clk 0:01:55]} Rc8
{[%clk 0:05:58]} 37. Ne5 {[%clk 0:01:10]} Qe8 {[%clk 0:01:06]} 38. Re1
{[%clk 0:00:53]} Nxc4 {[%clk 0:01:25]} 0-1

[Event "European Individual Chess Championship 2017"]
[Site "?"]
[Date "2017.05.31"]
[Round "2.82"]
[White "Ponomariov, Ruslan"]
[Black "Kharchenko, Boris"]
[Result "1-0"]
[BlackElo "2468"]
[WhiteElo "2712"]
[LiveChessVersion "1.4.8"]

1. d4 {[%clk 1:30:57]} d5 {[%clk 1:30:40]} 2. c4 {[%clk 1:31:18]} c6
{[%clk 1:30:55]} 3. Nf3 {[%clk 1:31:34]} Nf6 {[%clk 1:31:11]} 4. g3
{[%clk 1:31:51]} Bf5 {[%clk 1:23:06]} 5. Nc3 {[%clk 1:31:02]} e6 {[%clk 1:21:42]}
6. Nh4 {[%clk 1:30:26]} Be4 {[%clk 1:08:20]} 7. f3 {[%clk 1:30:06]} Bg6
{[%clk 1:08:43]} 8. Qb3 {[%clk 1:29:28]} Qc8 {[%clk 0:51:32]} 9. cxd5
{[%clk 1:09:33]} cxd5 {[%clk 0:48:00]} 10. e4 {[%clk 1:07:24]} Nc6
{[%clk 0:43:20]} 11. Be3 {[%clk 1:00:48]} Bb4 {[%clk 0:37:44]} 12. e5
{[%clk 0:58:31]} Nd7 {[%clk 0:36:20]} 13. Nxg6 {[%clk 0:57:21]} hxg6
{[%clk 0:35:50]} 14. Bd3 {[%clk 0:56:47]} Qc7 {[%clk 0:16:52]} 15. O-O
{[%clk 0:54:37]} Be7 {[%clk 0:13:55]} 16. Qd1 {[%clk 0:51:12]} a6
{[%clk 0:12:49]} 17. f4 {[%clk 0:48:11]} b5 {[%clk 0:12:01]} 18. Bf2
{[%clk 0:38:02]} Nb6 {[%clk 0:08:54]} 19. a4 {[%clk 0:34:57]} b4 {[%clk 0:09:07]}
20. Ne2 {[%clk 0:33:52]} Qb7 {[%clk 0:04:50]} 21. b3 {[%clk 0:28:38]} Na5
{[%clk 0:04:56]} 22. h4 {[%clk 0:27:19]} Nd7 {[%clk 0:03:26]} 23. Kg2
{[%clk 0:24:52]} Rc8 {[%clk 0:03:28]} 24. Ng1 {[%clk 0:24:05]} Nb8
{[%clk 0:02:37]} 25. Nf3 {[%clk 0:24:02]} Rc3 {[%clk 0:02:03]} 26. Rb1
{[%clk 0:24:17]} Kd7 {[%clk 0:02:22]} 27. Be1 {[%clk 0:23:41]} Rc7
{[%clk 0:02:43]} 28. Ng5 {[%clk 0:20:18]} Rf8 {[%clk 0:01:07]} 29. h5
{[%clk 0:19:02]} gxh5 {[%clk 0:01:07]} 30. Qxh5 {[%clk 0:19:25]} g6
{[%clk 0:01:17]} 31. Qh7 {[%clk 0:18:46]} Nbc6 {[%clk 0:00:45]} 32. Nxf7
{[%clk 0:14:57]} Nxd4 {[%clk 0:01:03]} 33. Qxg6 {[%clk 0:09:37]} Qa8
{[%clk 0:00:38]} 34. f5 {[%clk 0:08:34]} Rg8 {[%clk 0:01:06]} 35. Qh7
{[%clk 0:06:57]} exf5 {[%clk 0:00:41]} 36. Bxf5+ {[%clk 0:07:14]} Kc6
{[%clk 0:00:42]} 37. Rc1+ {[%clk 0:05:53]} Kb7 {[%clk 0:00:38]} 38. Rxc7+
{[%clk 0:05:09]} Kxc7 {[%clk 0:01:07]} 39. Bxb4 {[%clk 0:03:10]} Nac6
{[%clk 0:00:35]} 40. Bxe7 {[%clk 0:32:30]} Nxe7 {[%clk 0:30:41]} 41. Nh6
{[%clk 0:32:01]} Re8 {[%clk 0:24:17]} 42. Bg6 {[%clk 0:31:41]} 1-0

[Event "European Individual Chess Championship 2017"]
[Site "?"]
[Date "2017.05.31"]
[Round "2.83"]
[White "Duda, Jan-Krzysztof"]
[Black "Sychev, Klementy"]
[Result "1-0"]
[BlackElo "2459"]
[WhiteElo "2693"]
[LiveChessVersion "1.4.8"]

1. e4 {[%clk 1:28:58]} e5 {[%clk 1:30:52]} 2. Nf3 {[%clk 1:29:17]} Nc6
{[%clk 1:31:17]} 3. Bc4 {[%clk 1:29:31]} Bc5 {[%clk 1:30:14]} 4. c3
{[%clk 1:29:26]} Nf6 {[%clk 1:30:34]} 5. d3 {[%clk 1:29:26]} a6 {[%clk 1:30:38]}
6. Bb3 {[%clk 1:29:16]} Ba7 {[%clk 1:29:55]} 7. Nbd2 {[%clk 1:26:12]} d6
{[%clk 1:30:11]} 8. Nf1 {[%clk 1:24:32]} O-O {[%clk 1:13:03]} 9. h3
{[%clk 1:23:28]} Re8 {[%clk 0:58:05]} 10. Qe2 {[%clk 1:20:55]} Be6
{[%clk 0:43:50]} 11. Bc2 {[%clk 1:19:18]} b5 {[%clk 0:38:34]} 12. Ng5
{[%clk 1:15:21]} Bc8 {[%clk 0:38:17]} 13. g4 {[%clk 1:14:17]} b4 {[%clk 0:31:03]}
14. Bb3 {[%clk 1:02:58]} Rf8 {[%clk 0:29:37]} 15. Ng3 {[%clk 1:02:09]} bxc3
{[%clk 0:29:04]} 16. bxc3 {[%clk 1:02:33]} Na5 {[%clk 0:26:45]} 17. Bc2
{[%clk 0:59:14]} d5 {[%clk 0:24:20]} 18. O-O {[%clk 0:52:02]} Re8
{[%clk 0:21:38]} 19. Kh2 {[%clk 0:49:33]} h6 {[%clk 0:15:23]} 20. Nf3
{[%clk 0:48:43]} Qd7 {[%clk 0:15:38]} 21. Rg1 {[%clk 0:39:03]} dxe4
{[%clk 0:12:01]} 22. dxe4 {[%clk 0:39:11]} Nh7 {[%clk 0:12:23]} 23. Rb1
{[%clk 0:35:08]} Bc5 {[%clk 0:09:48]} 24. Nf5 {[%clk 0:32:02]} Bf8
{[%clk 0:06:21]} 25. Rd1 {[%clk 0:18:21]} Qe6 {[%clk 0:04:48]} 26. Rd5
{[%clk 0:18:15]} Nc6 {[%clk 0:05:09]} 27. Ba4 {[%clk 0:15:25]} Nf6
{[%clk 0:03:46]} 28. Bb3 {[%clk 0:08:54]} Nxd5 {[%clk 0:03:18]} 29. Bxd5
{[%clk 0:09:23]} Qg6 {[%clk 0:01:19]} 30. Qc4 {[%clk 0:06:04]} Bd7
{[%clk 0:00:36]} 31. N5h4 {[%clk 0:05:52]} Qd6 {[%clk 0:00:33]} 32. Bxf7+
{[%clk 0:06:04]} Kh7 {[%clk 0:00:39]} 33. Bxe8 {[%clk 0:01:17]} Bxe8
{[%clk 0:00:47]} 34. Be3 {[%clk 0:01:23]} Qd7 {[%clk 0:00:41]} 35. g5
{[%clk 0:01:10]} h5 {[%clk 0:00:33]} 36. g6+ {[%clk 0:01:27]} Kh8
{[%clk 0:00:58]} 37. Rg1 {[%clk 0:00:37]} Be7 {[%clk 0:00:51]} 38. Qe2
{[%clk 0:00:36]} Kg8 {[%clk 0:00:50]} 39. Ng5 {[%clk 0:00:56]} Bxg5
{[%clk 0:00:31]} 40. Rxg5 {[%clk 0:31:01]} 1-0

[Event "European Individual Chess Championship 2017"]
[Site "?"]
[Date "2017.05.31"]
[Round "2.84"]
[White "Mamedov, Rauf"]
[Black "Hakobyan, Aram"]
[Result "1-0"]
[BlackElo "2449"]
[WhiteElo "2689"]
[LiveChessVersion "1.4.8"]

1. Nf3 {[%clk 1:28:17]} Nf6 {[%clk 1:30:40]} 2. g3 {[%clk 1:28:31]} b6
{[%clk 1:31:01]} 3. Bg2 {[%clk 1:28:42]} Bb7 {[%clk 1:31:20]} 4. O-O
{[%clk 1:28:19]} e6 {[%clk 1:31:32]} 5. c4 {[%clk 1:28:29]} c5 {[%clk 1:31:23]}
6. b3 {[%clk 1:28:52]} Be7 {[%clk 1:31:31]} 7. Bb2 {[%clk 1:29:16]} O-O
{[%clk 1:31:40]} 8. e3 {[%clk 1:28:57]} d5 {[%clk 1:31:19]} 9. Nc3
{[%clk 1:25:27]} dxc4 {[%clk 1:31:07]} 10. bxc4 {[%clk 1:25:07]} Nc6
{[%clk 1:31:25]} 11. Qe2 {[%clk 1:19:41]} Rc8 {[%clk 1:23:37]} 12. d3
{[%clk 1:14:01]} Qd7 {[%clk 1:22:49]} 13. Rfd1 {[%clk 1:13:03]} Rfd8
{[%clk 1:23:01]} 14. Ne1 {[%clk 1:11:03]} Na5 {[%clk 1:15:10]} 15. Rab1
{[%clk 1:05:18]} Bxg2 {[%clk 1:09:49]} 16. Nxg2 {[%clk 1:04:45]} Qb7
{[%clk 1:09:20]} 17. g4 {[%clk 1:03:32]} Rd7 {[%clk 1:04:13]} 18. f4
{[%clk 0:56:17]} Rcd8 {[%clk 1:04:11]} 19. Ba1 {[%clk 0:50:50]} Nc6
{[%clk 0:58:35]} 20. Ne1 {[%clk 0:47:50]} Qc8 {[%clk 0:37:05]} 21. h3
{[%clk 0:45:30]} Ne8 {[%clk 0:33:56]} 22. Nf3 {[%clk 0:42:20]} Nd6
{[%clk 0:30:46]} 23. h4 {[%clk 0:35:34]} Bf6 {[%clk 0:25:03]} 24. h5
{[%clk 0:31:08]} g6 {[%clk 0:21:54]} 25. Ng5 {[%clk 0:24:22]} Bg7
{[%clk 0:14:35]} 26. hxg6 {[%clk 0:18:49]} hxg6 {[%clk 0:14:58]} 27. Qh2
{[%clk 0:17:43]} Kf8 {[%clk 0:02:55]} 28. Qh7 {[%clk 0:11:33]} e5
{[%clk 0:02:52]} 29. Nd5 {[%clk 0:08:21]} Ne8 {[%clk 0:03:05]} 30. Qh4
{[%clk 0:07:37]} Rxd5 {[%clk 0:01:37]} 31. cxd5 {[%clk 0:08:04]} Rxd5
{[%clk 0:02:06]} 32. Rf1 {[%clk 0:07:23]} Nd6 {[%clk 0:01:04]} 33. Rbd1
{[%clk 0:04:09]} c4 {[%clk 0:01:33]} 34. f5 {[%clk 0:03:23]} gxf5
{[%clk 0:01:10]} 35. gxf5 {[%clk 0:03:50]} Ne8 {[%clk 0:00:35]} 36. f6
{[%clk 0:02:47]} Nxf6 {[%clk 0:01:04]} 37. Rxf6 {[%clk 0:03:13]} Bxf6
{[%clk 0:01:18]} 38. Nh7+ {[%clk 0:03:41]} Kg7 {[%clk 0:00:35]} 39. Nxf6
{[%clk 0:04:06]} 1-0

[Event "European Individual Chess Championship 2017"]
[Site "?"]
[Date "2017.05.31"]
[Round "2.85"]
[White "Karttunen, Mika"]
[Black "Howell, David W L"]
[Result "1/2-1/2"]
[BlackElo "2684"]
[WhiteElo "2465"]
[LiveChessVersion "1.4.8"]

1. c4 {[%clk 1:30:56]} e5 {[%clk 1:29:11]} 2. Nc3 {[%clk 1:31:12]} Nf6
{[%clk 1:29:24]} 3. e3 {[%clk 1:31:02]} d5 {[%clk 1:19:15]} 4. cxd5
{[%clk 1:31:23]} Nxd5 {[%clk 1:19:39]} 5. Nf3 {[%clk 1:31:39]} Nxc3
{[%clk 1:19:49]} 6. bxc3 {[%clk 1:31:49]} Bd6 {[%clk 1:20:11]} 7. d4
{[%clk 1:30:26]} Nd7 {[%clk 1:18:48]} 8. Bd3 {[%clk 1:18:38]} Qe7
{[%clk 1:09:44]} 9. Qc2 {[%clk 1:17:36]} b6 {[%clk 1:02:41]} 10. O-O
{[%clk 1:11:23]} Bb7 {[%clk 1:01:17]} 11. e4 {[%clk 1:06:55]} O-O
{[%clk 1:00:20]} 12. Bg5 {[%clk 0:51:27]} Qe6 {[%clk 0:58:27]} 13. h3
{[%clk 0:49:45]} Be7 {[%clk 0:36:43]} 14. Be3 {[%clk 0:42:20]} Rad8
{[%clk 0:34:32]} 15. Nd2 {[%clk 0:34:04]} Qg6 {[%clk 0:28:16]} 16. Nf3
{[%clk 0:27:48]} h6 {[%clk 0:20:18]} 17. Rfe1 {[%clk 0:25:03]} Qe6
{[%clk 0:14:37]} 18. Rad1 {[%clk 0:22:49]} Bf6 {[%clk 0:12:45]} 19. Nh2
{[%clk 0:19:54]} Rfe8 {[%clk 0:12:23]} 20. f3 {[%clk 0:18:08]} Bh4
{[%clk 0:07:46]} 21. Re2 {[%clk 0:18:19]} Nf8 {[%clk 0:08:08]} 22. Ng4
{[%clk 0:14:41]} Ng6 {[%clk 0:08:21]} 23. d5 {[%clk 0:14:12]} Qe7
{[%clk 0:07:30]} 24. c4 {[%clk 0:03:12]} Bc8 {[%clk 0:05:19]} 25. Nh2
{[%clk 0:01:24]} Nf4 {[%clk 0:04:09]} 26. Red2 {[%clk 0:01:49]} c5
{[%clk 0:01:40]} 27. Kh1 {[%clk 0:01:58]} Rd6 {[%clk 0:01:55]} 28. Bxf4
{[%clk 0:01:59]} exf4 {[%clk 0:02:18]} 29. e5 {[%clk 0:02:23]} Rdd8
{[%clk 0:02:05]} 30. Re2 {[%clk 0:02:39]} Qg5 {[%clk 0:01:37]} 31. Qc3
{[%clk 0:01:49]} Re7 {[%clk 0:00:33]} 32. d6 {[%clk 0:01:10]} Ree8
{[%clk 0:00:32]} 33. Be4 {[%clk 0:01:12]} Kf8 {[%clk 0:00:32]} 34. Bc6
{[%clk 0:00:51]} Bd7 {[%clk 0:00:40]} 35. Bxd7 {[%clk 0:01:09]} Rxd7
{[%clk 0:01:09]} 36. Re4 {[%clk 0:01:04]} Bf2 {[%clk 0:01:19]} 37. Ng4
{[%clk 0:00:58]} Bd4 {[%clk 0:01:33]} 38. Rdxd4 {[%clk 0:01:24]} cxd4
{[%clk 0:01:58]} 39. Qxd4 {[%clk 0:01:50]} Re6 {[%clk 0:00:51]} 40. c5
{[%clk 0:30:34]} bxc5 {[%clk 0:31:09]} 41. Qxc5 {[%clk 0:27:37]} h5
{[%clk 0:13:17]} 42. Nf6 {[%clk 0:25:22]} gxf6 {[%clk 0:13:37]} 43. Qc8+
{[%clk 0:25:47]} Kg7 {[%clk 0:13:58]} 44. Qxd7 {[%clk 0:25:13]} fxe5
{[%clk 0:14:10]} 45. Qc7 {[%clk 0:19:49]} Qf6 {[%clk 0:10:23]} 46. d7
{[%clk 0:19:09]} Rd6 {[%clk 0:10:40]} 47. d8=Q {[%clk 0:16:48]} Rxd8
{[%clk 0:08:48]} 48. Qxe5 {[%clk 0:17:08]} Qxe5 {[%clk 0:07:51]} 49. Rxe5
{[%clk 0:17:33]} Kg6 {[%clk 0:08:02]} 50. Ra5 {[%clk 0:17:43]} Rd7
{[%clk 0:08:23]} 51. h4 {[%clk 0:17:48]} f6 {[%clk 0:08:40]} 52. Kg1
{[%clk 0:17:45]} Rb7 {[%clk 0:08:00]} 53. Kf2 {[%clk 0:14:51]} Rb2+
{[%clk 0:07:50]} 54. Kg1 {[%clk 0:14:47]} Rb1+ {[%clk 0:08:09]} 55. Kh2
{[%clk 0:15:08]} Rb7 {[%clk 0:08:32]} 56. Ra4 {[%clk 0:14:53]} Kf5
{[%clk 0:08:54]} 57. Ra5+ {[%clk 0:15:02]} Kg6 {[%clk 0:09:17]} 58. Ra4
{[%clk 0:15:27]} 1/2-1/2